| 000 | 00708nam a22002297a 4500 | ||
|---|---|---|---|
| 003 | OSt | ||
| 005 | 20140310183017.0 | ||
| 008 | 130212t xxu||||| |||| 00| 0 eng d | ||
| 020 | _a9718720251 | ||
| 050 |
_aN 72.S6 _b.D37 2002 |
||
| 100 | _aDatuin, Flaudette May V. | ||
| 245 |
_aThe Spaces of masculinity and feminity in the visual arts : _bBohol, Dumaguete and Palawan / _cFlaudette May V. Datuin |
||
| 260 |
_aQuezon City : _bUniversity Center for Women's Studies, _c2002. |
||
| 300 |
_avii, 56 p. : _c23 cm. _bill. ; |
||
| 521 | _aMA | ||
| 650 | _aFeminism and art. | ||
| 650 | _aArts and society. | ||
| 650 | _aGender in the art. | ||
| 942 |
_2lcc _cBK _kLOC |
||
| 999 |
_c18326 _d18326 |
||